000171145 001__ 171145
000171145 005__ 20260515163945.0
000171145 0247_ $$2doi$$a10.3390/educsci16050671
000171145 0248_ $$2sideral$$a149224
000171145 037__ $$aART-2026-149224
000171145 041__ $$aeng
000171145 100__ $$aSoler-Costa, Rebeca
000171145 245__ $$aSocio-Communicative Needs and Digital Competence in Women with Basic Education: An Exploratory Study
000171145 260__ $$c2026
000171145 5060_ $$aAccess copy available to the general public$$fUnrestricted
000171145 5203_ $$aThis study explores the barriers that hinder the acquisition of digital skills in women with basic education, as well as their relationship with socio-communicative needs in contexts of exclusion. A validated questionnaire (α = 0.970), based on the DigCompEdu framework, was applied to a sample of 575 women in Granada (Spain). Using non-parametric analyses (Kruskal–Wallis test), significant differences were identified according to variables such as age, educational level, employment status and income. The results reveal that older women, women with low incomes, lower educational levels and unemployed women have greater difficulties in accessing, searching for information, creating content, and solving problems with ICT. However, a positive attitude towards technology was observed in all profiles, which constitutes an opportunity for intervention. It is concluded that the digital divide in women with basic training is conditioned by structural factors that generate specific socio-communicative needs. We propose the implementation of training policies with an intersectional and gender focus that favor digital equity and the active inclusion of these women in the digital society.
000171145 540__ $$9info:eu-repo/semantics/openAccess$$aby$$uhttps://creativecommons.org/licenses/by/4.0/deed.es
000171145 655_4 $$ainfo:eu-repo/semantics/article$$vinfo:eu-repo/semantics/publishedVersion
000171145 700__ $$aSchultis, Slawomir
000171145 700__ $$aRodríguez-Jiménez, Carmen
000171145 773__ $$g16, 5 (2026), 671 [16 pp.]$$tEducation Sciences$$x2227-7102
000171145 8564_ $$s2313889$$uhttps://zaguan.unizar.es/record/171145/files/texto_completo.pdf$$yVersión publicada
000171145 8564_ $$s2273808$$uhttps://zaguan.unizar.es/record/171145/files/texto_completo.jpg?subformat=icon$$xicon$$yVersión publicada
000171145 909CO $$ooai:zaguan.unizar.es:171145$$particulos$$pdriver
000171145 951__ $$a2026-05-15-14:53:44
000171145 980__ $$aARTICLE